Statistics for All-Time UEFA Europa League Table

Click here to take the quiz!

General Stats

  • This quiz has been taken 26 times
    (3 since last reset)
  • The average score is 20 of 50

Answer Stats

Pld W D L GD Pts Nation Club % Correct
185924350+112319๐Ÿ‡ฎ๐Ÿ‡น{Inter} {Milan}
100%
133762928+113257๐Ÿ‡ช๐Ÿ‡ธSevilla
100%
177843855+80290๐Ÿ‡ต๐Ÿ‡นSporting
100%
104432932+32158๐Ÿ‡ฎ๐Ÿ‡นNapoli
67%
126602541+37205๐Ÿ‡ซ๐Ÿ‡ทBordeaux
67%
111631731+71206๐Ÿ‡ช๐Ÿ‡ธ{Atlรฉtico} {Madrid}
67%
119552143+26186๐Ÿ‡ช๐Ÿ‡ธ{Athletic} {Bilbao}
67%
97511729+44170๐Ÿ‡ท๐Ÿ‡บ{Zenit} {St} {Petersburg}
67%
116593324+81210๐Ÿด๓ ง๓ ข๓ ฅ๓ ฎ๓ ง๓ ฟLiverpool
67%
106353239-8137๐Ÿ‡ท๐Ÿ‡ดFCSB
67%
135613440+59217๐Ÿ‡ณ๐Ÿ‡ฑ{PSV} {Eindhoven}
67%
112592132+42198๐Ÿ‡ท๐Ÿ‡บ{Spartak} {Moscow}
67%
142633742+60226๐Ÿ‡ง๐Ÿ‡ชAnderlecht
67%
131643631+75228๐Ÿ‡ช๐Ÿ‡ธValencia
67%
116712025+123233๐Ÿ‡ฎ๐Ÿ‡นJuventus
67%
137702542+97235๐Ÿ‡ณ๐Ÿ‡ฑAjax
67%
134733526+140254๐Ÿด๓ ง๓ ข๓ ฅ๓ ฎ๓ ง๓ ฟ{Tottenham} {Hotspur}
67%
108403830+28158๐Ÿ‡บ๐Ÿ‡ฆ{Dinamo} {Kiev}
33%
83471524+82156๐Ÿ‡ฎ๐Ÿ‡นParma
33%
78401721+74137๐Ÿ‡ช๐Ÿ‡ธBarcelona
33%
90461529+47153๐Ÿ‡ต๐Ÿ‡นPorto
33%
99422334+25149๐Ÿ‡จ๐Ÿ‡ญBasel
33%
84431823+52147๐Ÿ‡ฎ๐Ÿ‡นMilan
33%
79411523+35138๐Ÿ‡บ๐Ÿ‡ฆ{Shakhtar} {Donetsk}
33%
103372640+2137๐Ÿด๓ ง๓ ข๓ ณ๓ ฃ๓ ด๓ ฟCeltic
33%
95382235+15136๐Ÿ‡ต๐Ÿ‡นBraga
33%
104511637+22169๐Ÿ‡ฆ๐Ÿ‡น{RB} {Salzburg}
33%
98502622+72176๐Ÿ‡ฉ๐Ÿ‡ชSchalke
33%
103492628+63173๐Ÿ‡ฉ๐Ÿ‡ช{Bayer} {Leverkusen}
33%
125552842+40193๐Ÿ‡ณ๐Ÿ‡ฑFeyenoord
33%
124652434+87219๐Ÿ‡ฎ๐Ÿ‡นRoma
33%
126632934+58218๐Ÿ‡ต๐Ÿ‡นBenfica
33%
118631936+64208๐Ÿ‡ฉ๐Ÿ‡ชHamburg
33%
150573756+17208๐Ÿ‡ง๐Ÿ‡ช{Club} {Brugge}
33%
104592520+96202๐Ÿ‡ฉ๐Ÿ‡ช{Borussia} {Mรถnchengladbach}
33%
91382132+15135๐Ÿ‡ซ๐Ÿ‡ทMarseille
33%
104541634+78178๐Ÿ‡ฉ๐Ÿ‡ชKรถln
33%
106552724+61192๐Ÿ‡ช๐Ÿ‡ธVillarreal
33%
108483327+45177๐Ÿ‡ณ๐Ÿ‡ฑ{AZ} {Alkmaar}
33%
114403440-11154๐Ÿ‡ง๐Ÿ‡ช{Standard} {Liรจge}
0%
96423024+34156๐Ÿ‡ฎ๐Ÿ‡นFiorentina
0%
97442429+72156๐Ÿ‡ฉ๐Ÿ‡ช{Werder} {Bremen}
0%
92471926+76160๐Ÿ‡ฉ๐Ÿ‡ช{Eintracht} {Frankfurt}
0%
85421726+36143๐Ÿ‡ฉ๐Ÿ‡ช{Borussia} {Dortmund}
0%
104382838+7142๐Ÿ‡จ๐Ÿ‡ฟ{Slavia} {Prague}
0%
108363339-1141๐Ÿ‡ฌ๐Ÿ‡ทPAOK
0%
120622236+88208๐Ÿ‡ฉ๐Ÿ‡ชStuttgart
0%
131623138+44217๐Ÿ‡ฎ๐Ÿ‡นLazio
0%
68401513+61135๐Ÿด๓ ง๓ ข๓ ฅ๓ ฎ๓ ง๓ ฟ{Newcastle} {United}
0%
78441321+42145๐Ÿ‡ซ๐Ÿ‡ทLyon
0%

Score Distribution

Percentile by Number Answered

Percent of People with Each Score

Your Score History

You have not taken this quiz since the last reset